000 00670nam a2200193Ia 4500
003 GCL
008 140319s9999 xx 000 0 ara d
020 _a7645235977
040 _aGCL /
_cGCL
082 0 4 _a811.9
_bم خ
100 1 _aمحمد الهادى الطرابلسى
245 1 0 _aخصائص الاسلوب فى الشوقيات /
_cمحمد الهادى الطرابلسى
260 _aالقاهرة :
_bالمجلس الاعلى للثقافة ،
_c1996
300 _a589 ص ؛
_c35 سم
650 0 4 _aالادب العربى
650 0 4 _aالادب
650 0 4 _aالشعر العربى - تاريخ ونقد - العصرالحديث
942 _2ddc
_cBK
999 _c560
_d560